Дело о не оказавшемся имуществе, находившемся в ведении экзекутора надворного советника Соколова при сдаче им должности регистра...

Доступно только в Электронных читальных залах Найти на картеНа карте
RUSMARC
00003814nmc2a22002413x 450
0012342e2e7-650c-44a1-b37f-8a688592a2f6
00520220908081656.0
100##$a20220412l19031904k l0rusy0189 ca
1010#$arus
102##$aRU
105##$ay###
1222#$ad
2001#$aДело о не оказавшемся имуществе, находившемся в ведении экзекутора надворного советника Соколова при сдаче им должности регистратора дворец-дворецкому
$j6 октября 1903 г. - 17 марта 1904 г.
215##$a27 л.
$d36,5х26 см
251##$cДело
300##$aПо Московской конторе Дирекции императорских театров
371##$aДокумент не является опубликованным и широко распространяемым
461#0$10019264ebf8-de62-4f1a-9eb4-9f22098dbbd5
$12001
$aДирекция императорских театров МИДв
$1251
$cФонд
$1852
$j497
462#0$1001ff15f5e8-b5fa-4fe1-bbcd-275cd0305ec2
$12001
$aДела Санкт-Петербургской конторы Дирекции императорских театров и дела Московской конторы Дирекции императорских театров
$1251
$cОпись
$1852
$j10
801#0$aRU
$bРГИА
$c20220412
$gRCR
801#1$aRU
$bГлавНИВЦ
$c20220412
$2rusmarc
801#2$aRU
$bПБ им. Б.Н. Ельцина
$c20220908
$gRCR
$2rusmarc
850##$aРГИА
852##$aРГИА
$eФедеральное казенное учреждение "Российский государственный исторический архив" (РГИА)
$j1582
937##$hРГИА
$d12368168
$aASBIBLIO_SCAN
035##$aRusGRCC00043102
856##$uhttp://readingroom.main.prlib.ru/item.aspx?id_node=n178710070&mode=full
Формат отображения